| 000 | 00528nam a2200145 4500 | ||
|---|---|---|---|
| 999 |
_c15996 _d15996 |
||
| 008 | 210204b ||||| |||| 00| 0 eng d | ||
| 022 | _a0732-8435 | ||
| 082 | _aDPer 657.05 C33 Feb - Aug 2012, v. 82 | ||
| 100 |
_aDoka, Christina. _942898 |
||
| 245 |
_aThe global fraud threat: _ba report on causes, detection, and prevention/ _cChristina Doka. |
||
| 260 |
_aNew York: _bThe New York State Society of CPA, _c©2012. |
||
| 300 |
_av82 n6, pages 12-13: _bcolor illustration; _c28 cm. |
||
| 650 |
_aFraud. _938417 |
||
| 942 |
_2ddc _cPER |
||